000 00455nam a2200205Ia 4500
003 OSt
005 20221005133314.0
006 a|||||r|||| 00| 0
007 ta
008 221004b |||||||| |||| 00| 0 eng d
024 _a74612
037 _cTextual
040 _aCRL
_cCRL
_beng
041 _2eng
_aeng
082 _a71nM49
245 0 _aWho's Who
260 _c1945
942 _h71nM49
_cTEXL
_2cc
999 _c1066405
_d1066405